Quizzes
Events
Quiz Creation
Community
Videos
Private Events
Remove Ads
Sign In
Join for FREE
Feedback
Dark Mode
Quiz Categories
Sports
Geography
Music
Movies
Television
Just For Fun
Miscellaneous
History
Literature
Language
Science
Gaming
Entertainment
Religion
Holiday
For Kids
Quiz Lab
Recent
Popular Today
Quiz Kudos Today
Editor Picks
Curator Picks
Quizzes by...
Day
Popularity
Type
Ratings
Length
Year
Community
Subscriptions
Recent Discussions
Orange Saloon
Badges
Playlists
Quests
Create
Leaderboards
Showdown
Live 5
Trivia Bingo
Activity
Puzzle Library
Sporcle Events
Private Events
Virtual Trivia
Globe League
Become a Host
Pub Owners
SporcleCon
Opinionation
Our Games
Videos
Blog
Mobile Apps
Partnerships
Remove Ads and Go Orange
Feedback
Music
Pop Music
The Beatles
Song
Album
Lyrics
Bands
Singers
Artist
Clip
Rock
Rap
Classical
Billboard
Country Music
Kpop
Taylor Swift
Music
Pop Music
The Beatles
Song
Album
Lyrics
Bands
Singers
Artist
Clip
Rock
Rap
Classical
Billboard
Country Music
Kpop
Taylor Swift
Random Quiz
Search Sporcle
×
Quiz Lab
Quiz Lab
Music
Artist
Type in answers that appear in a list
Type in answers that appear in a list
Classic
Best Score? Go Orange.
Rolling Stone's New Greatest Artists list Stats
Can you name the 100 greatest artists according to Rolling Stone?
By
CalBenGan
12m
100 Questions
585 Plays
585 Plays
585 Plays
Comments
Comments
Give Quiz Kudos
Give Quiz Kudos
-
- Ratings
hide this ad
Replay
Link that replays current quiz
Next Quiz
Link to next quiz in quiz playlist
You Got
0%
They Got
Avg Score
59%
Avg Friend Score
Upgrade to see
Score Distribution
Jump to the score distribution portion of the page
Score
0/100
Timer
12:00
1
Play Today
Rank
Artist
% Correct
1.
The Beatles
99.7%
3.
Elvis Presley
97.9%
4.
The Rolling Stones
97.8%
35.
Michael Jackson
96.6%
2.
Bob Dylan
95.6%
36.
Madonna
94.5%
6.
Jimi Hendrix
94.2%
38.
John Lennon
93%
9.
Aretha Franklin
90.9%
75.
The Eagles
90.4%
49.
Elton John
90.3%
14.
Led Zeppelin
90.1%
23.
Bruce Springsteen
89.2%
41.
The Doors
87.4%
30.
Nirvana
86.5%
5.
Chuck Berry
86%
72.
AC/DC
86%
70.
The Police
85.6%
15.
Stevie Wonder
84.4%
31.
Johnny Cash
84.3%
39.
David Bowie
83.4%
29.
The Who
83.2%
40.
Simon and Garfunkel
83.2%
12.
The Beach Boys
80.7%
8.
Little Richard
80.3%
18.
Marvin Gaye
79.8%
28.
The Clash
79.7%
22.
U2
79.1%
92.
Guns n' Roses
77.1%
26.
Ramones
76.9%
27.
Prince
76.8%
11.
Bob Marley
76.4%
7.
James Brown
75.9%
83.
Eminem
75.6%
Rank
Artist
% Correct
59.
Aerosmith
74%
68.
The Temptations
73.5%
95.
Lynyrd Skynyrd
73.5%
24.
Jerry Lee Lewis
72.8%
85.
Black Sabbath
72.8%
77.
Beastie Boys
71.6%
34.
Neil Young
71.3%
65.
The Kinks
70.6%
10.
Ray Charles
69.4%
63.
Tina Turner
68.2%
90.
Carlos Santana
68%
60.
Sex Pistols
67.7%
96.
Diana Ross and the Supremes
66.7%
13.
Buddy Holly
66.3%
42.
Van Morrison
66.2%
53.
The Allman Brothers Band
65.8%
44.
Public Enemy
64.8%
56.
Dr. Dre
63.4%
86.
Tupac Shakur
61.4%
73.
Radiohead
58.5%
55.
Eric Clapton
58.1%
62.
Joni Mitchell
58.1%
43.
Sly and the Family Stone
57.1%
37.
Roy Orbison
53.5%
47.
Patti Smith
52%
21.
Otis Redding
48.9%
67.
Cream
48%
50.
The Band
47.7%
19.
The Velvet Underground
47.2%
45.
The Byrds
47%
84.
James Taylor
46.2%
99.
Carl Perkins
43.6%
80.
Elvis Costello
41.7%
16.
Sam Cooke
41%
Rank
Artist
% Correct
33.
The Everly Brothers
39.8%
74.
Hank Williams
38.6%
78.
The Stooges
37.8%
32.
Smokey Robinson and the Miracles
37.6%
93.
Booker T. and the MG's
37.4%
66.
Al Green
37.3%
48.
Run-DMC
36.8%
79.
The Four Tops
34.5%
52.
Queen
34.4%
46.
Janis Joplin
34.2%
99.
Curtis Mayfield
33.5%
57.
Grateful Dead
33.3%
51.
Pink Floyd
33.3%
25.
Fats Domino
32.3%
97.
R.E.M
32%
61.
Metallica
31.6%
88.
Jay-Z
31.5%
91.
Tom Petty
29.6%
82.
Creedence Clearwater Revival
29.4%
89.
The Yardbirds
27.7%
58.
Parliament and Funkadelic
27.5%
17.
Muddy Waters
26.8%
100.
Talking Heads
26.5%
54.
Howlin' Wolf
25.1%
69.
Jackie Wilson
24.1%
71.
Frank Zappa
23.8%
76.
The Shirelles
20%
20.
Bo Diddley
17.8%
81.
The Drifters
15.7%
94.
Nine Inch Nails
15.4%
87.
Gram Parsons
7.9%
64.
Phil Spector
7.2%
Quiz Playlist
Details
Report
Send in Message
Add To Playlist
Classic:
Type in answers that appear in a list
Quiz Source
Last Updated: Feb 16, 2017
Quiz Scoreboard
CHALLENGE
Sign Up to Join the Scoreboard
Show All
Scores
Hide
Comments
May contain spoilers
Recently Published
NBA Finals Game Top Scorers (2010s)
by flibbidy
Sports
5m
Guess the 'R' Things in 3 Words
by MSUKent
Miscellaneous
3m
Actor to Badly Drawn Movie III
by MoMosMoProblems
Movies
5m
More to Explore
Quiz From the Vault
Featured Blog Post
Where Does Lost Luggage Go?
hide this ad
You Might Also Like...
Tags
Artist Quiz
Popular Quiz
Song Quiz
100
greatest
immortal
Rolling
Rolling Stone
stone
Today's Top Quizzes in Music
Browse Music
hide this ad
Today's Top Quizzes in Artist
Browse Artist
Top Contributed Quizzes in Music
1
Taylor Swift All Songs (2024)
2
Image Sorting: Rock Albums II
3
Image Sorting: Rock Albums III
4
Image Sorting: Rock Albums IV
5
Image Sorting: Rock Albums V
6
Image Sorting: Rock Albums VI
7
Taylor Swift Logic Puzzle
8
Adjectives in 80s Songs
9
Image Sorting: Album Titles
10
Nickname Match: Musicians
Explore More
Trending Topics
Disney
Marvel
Kpop
NBA
Anime
Harry Potter
Crossword
NFL
Song
The Office
WWE
Soccer
Pokémon
Country
Puzzle
hide this ad
More By:
CalBenGan
Quiz
Plays
Rating
Category
Featured
Created
Batman Movies
168,342
3.78
Movies
Sep 23, 2009
Musician and Band Nicknames (Clickable)
1,310
3.75
Music
Apr 17, 2012
Rolling Stone's 100 Greatest Artists, by members' first names
687
3.13
Music
Oct 12, 2011
Rolling Stone's New Greatest Artists list
585
2.71
Music
Nov 29, 2009
Greatest Drummers Ever
481
5.00
Music
Jan 29, 2010
Go to Creator's Profile
Score Distribution
Quiz Creator Spotlight
CalBenGan
Follow
Send a Message
Quizzes Created
-
Created Quiz Play Count
-
More By This Creator
Popular Quizzes Today
1
Find the US States - No Outlines Minefield
2
Find the US States
3
The Countries of the World
4
10 Largest US States in Order
5
Find the Countries of Europe - No Outlines Minefield
6
US States
7
Guess the 'R' Things in 3 Words
8
NBA Finals Game Top Scorers (2010s)
More Music Quizzes
Complete the Elton John Songs
Published
Trending Quizzes
First Name TV: Leading Men
Match the Book to the Film II
First Name TV: Leading Women Drama
Pick A Pair: Religious TV
Match the Book to the Film VI
Recently Updated
Women's Final Four Teams by Year
bhenderson79
Presidents Quartet II
eogle
Anything But Clue(do)
eogle
Anything But Oceanian Capitals
eogle
Anything But 7
eogle
Anything But Thing
eogle
Word Ladder: February 29
pecheneg
Song Title Questions
pecheneg
Women's NCAA Tournament #1 Seeds
pecheneg
Celebrity Mug Shots
pecheneg
Trending Topics
NBA
Marvel
Anime
Crossword
Harry Potter
Kpop
Disney
The Office
WWE
Soccer
Puzzle
NFL
Song
Pokémon
Country
Your Account Isn't Verified!
In order to create a playlist on Sporcle, you need to verify the email address you used during registration. Go to your
Sporcle Settings
to finish the process.
Report this User
Report this user for behavior that violates our
Community Guidelines
.
Details:
Send Report
Go to the Sporcle.com Mobile Site →
Comments